International marketing strategy.

Bibliographic Details
Main Author: Phillips
Other Authors: Dooke,, Lowe,
Format: Book
Published: New York, 1994.
Subjects:
LEADER 00461cam a2200181 7i4500
001 0000004677
005 19991025090000.0
002 ##000006200
020 0 0 |a 0-415-08985-9  
090 0 0 |a B 658.8   |b PHI 
100 1 0 |a Phillips  
245 0 0 |a International marketing strategy. 
260 0 0 |a New York,   |c 1994. 
300 0 0 |a 508p.. 
650 0 0 |a Marketing  
700 1 1 |a Dooke,   |h Isobel  
700 1 1 |a Lowe,   |h Robin  
999 |a 0000007336  |b Book  |c Open shelf  |e Business Information Centre